Komunikácia s verejnosťou v kontexte projektu "Revitalizácia Námestia SNP v Bratislave"

Gespeichert in:
Bibliographische Detailangaben
1. Verfasser: Daňo, Ferdinand, 1959-
Weitere Verfasser: Droba, Juraj, Hanuláková, Eva, 1964-, Vokounová, Dana, 1962-
Format: Buchkapitel
Sprache:Slowakisch
Tags: Tag hinzufügen
Keine Tags, Fügen Sie das erste Tag hinzu!

MARC

LEADER 00000naa a2200000 4500
001 0152683
005 20240502083347.7
041 0 |a slo 
044 |a CZ 
245 1 0 |a Komunikácia s verejnosťou v kontexte projektu "Revitalizácia Námestia SNP v Bratislave"  |c Ferdinand Daňo, Juraj Droba, Eva Hanuláková, Dana Vokounová 
100 1 |a Daňo, Ferdinand, 1959- 
700 1 |a Droba, Juraj 
700 1 |a Hanuláková, Eva, 1964- 
700 1 |a Vokounová, Dana, 1962-